[Event "Madrid-ch Veteranos 2016/2017"]
[Site "Madrid ESP"]
[Date "2017.01.12"]
[Round "4.2"]
[White "Casares Ripoll, Fernando"]
[Black "Alvarez Abejon, Amilcar"]
[Result "1/2-1/2"]
[WhiteElo "2124"]
[BlackElo "1979"]
[PlyCount "101"]
[EventDate "2017.01.09"]
[EventType "swiss"]
[EventRounds "9"]
[EventCountry "ESP"]
[SourceTitle "Ajedrez en Madrid"]
[Source "lmi"]
[SourceDate "2017.01.09"]

1. e4 c5 2. c3 e6 3. d4 d5 4. exd5 exd5 5. Nf3 Bd6 6. Bb5+ Bd7 7. Qe2+ Qe7 8.
Be3 c4 9. Bxd7+ Nxd7 10. O-O Ngf6 11. Re1 O-O 12. Qc2 Rfe8 13. Nbd2 Qd8 14. Bg5
Qc7 15. Qf5 g6 16. Qh3 Nh5 17. g3 Ng7 18. Nf1 Ne6 19. Ne3 Qc6 20. Ng4 h5 21.
Nf6+ Nxf6 22. Bxf6 Be7 23. Ne5 Qd6 24. Bxe7 Rxe7 25. f4 Nc7 26. Nf3 Rae8 27.
Rxe7 Qxe7 28. Re1 Qd8 29. Qf1 Rxe1 30. Qxe1 Qe8 31. Qe5 Qxe5 32. dxe5 Ne6 33.
Kf2 Kf8 34. Ke3 Ke7 35. h3 Nc5 36. Kd4 Na4 37. Kxd5 Nxb2 38. g4 hxg4 39. hxg4
Nd1 40. Kxc4 Ne3+ 41. Kd3 Nxg4 42. c4 Nf2+ 43. Kd4 Nh3 44. Ke3 f6 45. exf6+
Kxf6 46. Nd4 a6 47. Nf3 Kf5 48. Nh4+ Kf6 49. Nf3 Kf5 50. Nd4+ Kf6 51. Nf3
1/2-1/2

[Event "Madrid-ch Veteranos 2016/2017"]
[Site "Madrid ESP"]
[Date "2017.01.12"]
[Round "4.3"]
[White "Gonzalez Mateos, Rafael"]
[Black "Pastor Alonso de Prado, Emilio Alberto"]
[Result "1/2-1/2"]
[WhiteElo "1955"]
[BlackElo "2113"]
[PlyCount "47"]
[EventDate "2017.01.09"]
[EventType "swiss"]
[EventRounds "9"]
[EventCountry "ESP"]
[SourceTitle "Ajedrez en Madrid"]
[Source "lmi"]
[SourceDate "2017.01.09"]

1. d4 b6 2. e4 Bb7 3. Bd3 e6 4. Nf3 Nf6 5. Qe2 d5 6. e5 Ne4 7. O-O c5 8. c3 Qc8
9. Nbd2 Nxd2 10. Bxd2 Ba6 11. c4 dxc4 12. Bxc4 Bxc4 13. Qxc4 Qa6 14. Qc2 Nd7
15. d5 exd5 16. e6 fxe6 17. Ng5 Qc4 18. Qd1 d4 19. Qf3 Qd5 20. Qf7+ Kd8 21.
Rfe1 Bd6 22. Rxe6 Kc7 23. Bf4 Bxf4 24. Qxf4+ 1/2-1/2

[Event "Madrid-ch Veteranos 2016/2017"]
[Site "Madrid ESP"]
[Date "2017.01.12"]
[Round "4.4"]
[White "Kejo, Janne"]
[Black "Martin Martin, Luis Vicente"]
[Result "1-0"]
[WhiteElo "2059"]
[BlackElo "1943"]
[PlyCount "79"]
[EventDate "2017.01.09"]
[EventType "swiss"]
[EventRounds "9"]
[EventCountry "ESP"]
[SourceTitle "Ajedrez en Madrid"]
[Source "lmi"]
[SourceDate "2017.01.09"]

1. e4 g6 2. Nf3 Bg7 3. Be2 c5 4. O-O Nc6 5. c3 d5 6. exd5 Qxd5 7. Na3 Nf6 8.
Bc4 Qd8 9. d3 O-O 10. Be3 b6 11. Qe2 Bg4 12. h3 Bxf3 13. Qxf3 Ne5 14. Qe2 Nxc4
15. Nxc4 Nd5 16. Qd2 b5 17. Na3 b4 18. cxb4 cxb4 19. Nc4 Nxe3 20. fxe3 e5 21.
Rad1 Qe7 22. e4 Rfd8 23. Qf2 Rd7 24. Ne3 Qc5 25. Nd5 Rxd5 26. exd5 Qxd5 27. Qf3
Rd8 28. Qxd5 Rxd5 29. b3 Bf8 30. Kf2 Bc5+ 31. Ke2 Kg7 32. Rc1 f5 33. Rc4 Kf6
34. Rfc1 Bd6 35. Rc6 Kg5 36. Ra6 e4 37. dxe4 fxe4 38. Rd1 Rxd1 39. Kxd1 Kf4 40.
Rxd6 1-0

[Event "Madrid-ch Veteranos 2016/2017"]
[Site "Madrid ESP"]
[Date "2017.01.12"]
[Round "4.5"]
[White "Lopez De Turiso, Jose Angel"]
[Black "Sotoca Aguado, Jose"]
[Result "1-0"]
[WhiteElo "2019"]
[BlackElo "1924"]
[PlyCount "107"]
[EventDate "2017.01.09"]
[EventType "swiss"]
[EventRounds "9"]
[EventCountry "ESP"]
[SourceTitle "Ajedrez en Madrid"]
[Source "lmi"]
[SourceDate "2017.01.09"]

1. e4 e6 2. c4 d5 3. cxd5 exd5 4. exd5 Nf6 5. Bb5+ Bd7 6. Bc4 b5 7. Bb3 Bd6 8.
Nf3 O-O 9. O-O Bg4 10. h3 Bh5 11. d4 h6 12. Qd3 Nbd7 13. Ne5 Nxe5 14. dxe5 Bxe5
15. Qxb5 Rb8 16. Qc4 Bd6 17. Bd2 Re8 18. Re1 Bg6 19. Rxe8+ Qxe8 20. Nc3 Rb4 21.
Re1 Qd7 22. Qc6 Qf5 23. Qa8+ Kh7 24. Qxa7 Nd7 25. Na4 Re4 26. Rxe4 Qxe4 27. Qe3
Qb1+ 28. Qe1 Qd3 29. Be3 Qe4 30. Bd2 Qd3 31. Bc3 Be4 32. Qd2 Qb1+ 33. Qd1 Qxd1+
34. Bxd1 Bxd5 35. a3 Ne5 36. Bc2+ Kg8 37. Bd4 Kf8 38. Nc3 Bc4 39. Ne4 Nc6 40.
Nxd6 Nxd4 41. Nxc4 Nxc2 42. Kf1 Nd4 43. Ke1 Ke7 44. Kd2 Ke6 45. Kd3 Nc6 46. b4
f6 47. Ne3 g6 48. f4 f5 49. Kc4 Kd6 50. a4 Nd8 51. b5 Nb7 52. Kd4 c5+ 53. Kc4
Na5+ 54. Kc3 1-0

[Event "Madrid-ch Veteranos 2016/2017"]
[Site "Madrid ESP"]
[Date "2017.01.12"]
[Round "4.6"]
[White "Lopez Heras, Arturo"]
[Black "Cabanas Bravo, Juan Andres"]
[Result "0-1"]
[WhiteElo "1837"]
[BlackElo "2008"]
[PlyCount "70"]
[EventDate "2017.01.09"]
[EventType "swiss"]
[EventRounds "9"]
[EventCountry "ESP"]
[SourceTitle "Ajedrez en Madrid"]
[Source "lmi"]
[SourceDate "2017.01.09"]

1. d4 Nf6 2. c4 g6 3. Nc3 d5 4. cxd5 Nxd5 5. e4 Nxc3 6. bxc3 c5 7. Nf3 Bg7 8.
Rb1 O-O 9. Be2 cxd4 10. cxd4 Qa5+ 11. Bd2 Qxa2 12. O-O b6 13. Ra1 Qe6 14. Ng5
Qd7 15. e5 Bb7 16. Rc1 h6 17. Nxf7 Rxf7 18. e6 Qxe6 19. Bc4 Bd5 20. Re1 Bxc4
21. Rxe6 Bxe6 22. d5 Bd7 23. Qc2 Na6 24. Qxg6 Bf5 25. Qg3 Kh8 26. Rc6 Kh7 27.
Qh4 Rf6 28. g4 Bd7 29. Bxh6 Bxh6 30. g5 Rg8 31. Qe4+ Kh8 32. Kf1 Bxc6 33. dxc6
Bxg5 34. h4 Nc5 35. Qd5 Bf4 0-1

[Event "Madrid-ch Veteranos 2016/2017"]
[Site "Madrid ESP"]
[Date "2017.01.12"]
[Round "4.7"]
[White "Marcos Herrero, Francisco"]
[Black "Paarup, Torsten"]
[Result "1/2-1/2"]
[WhiteElo "1918"]
[BlackElo "1979"]
[PlyCount "80"]
[EventDate "2017.01.09"]
[EventType "swiss"]
[EventRounds "9"]
[EventCountry "ESP"]
[SourceTitle "Ajedrez en Madrid"]
[Source "lmi"]
[SourceDate "2017.01.09"]

1. d4 f5 2. g3 Nf6 3. Bg2 g6 4. c4 Bg7 5. Nf3 O-O 6. O-O d6 7. Nc3 c6 8. Qc2
Na6 9. a3 Qe8 10. d5 Bd7 11. e4 fxe4 12. Ng5 cxd5 13. cxd5 Rc8 14. Ngxe4 Nxe4
15. Qxe4 Nc5 16. Qe2 Nb3 17. Rb1 Nxc1 18. Rbxc1 Qf7 19. Qe3 b6 20. Rce1 Bxc3
21. bxc3 Bb5 22. Bh3 Qf6 23. Bxc8 Rxc8 24. Qxe7 Qxe7 25. Rxe7 Bxf1 26. Kxf1
Rxc3 27. Rxa7 Rc5 28. Ra6 Rb5 29. Ke2 Kg7 30. Kd3 Rxd5+ 31. Kc4 Rd2 32. Rxb6
Kf6 33. Rb8 Ke6 34. Rf8 d5+ 35. Kc3 Ra2 36. Kb3 Rd2 37. Re8+ Kd6 38. Rh8 Rxf2
39. Rxh7 Kc5 40. Rh6 Rf3+ 1/2-1/2

[Event "Madrid-ch Veteranos 2016/2017"]
[Site "Madrid ESP"]
[Date "2017.01.12"]
[Round "4.8"]
[White "Lorenzo Bailador, Alfredo"]
[Black "Infante Martin, Alonso"]
[Result "1-0"]
[WhiteElo "1999"]
[BlackElo "1396"]
[PlyCount "79"]
[EventDate "2017.01.09"]
[EventType "swiss"]
[EventRounds "9"]
[EventCountry "ESP"]
[SourceTitle "Ajedrez en Madrid"]
[Source "lmi"]
[SourceDate "2017.01.09"]

1. e4 e5 2. Nf3 Nc6 3. d4 exd4 4. Bc4 Nf6 5. e5 d5 6. Bb5 Ne4 7. Nxd4 Bd7 8.
Bxc6 bxc6 9. O-O c5 10. Nb3 c6 11. f3 c4 12. fxe4 cxb3 13. Qf3 Be6 14. axb3
Qb6+ 15. Kh1 d4 16. Na3 Qc7 17. Qg3 g6 18. Nc4 Bxc4 19. bxc4 Bg7 20. e6 Qxg3
21. exf7+ Kf8 22. hxg3 h6 23. Ra6 Be5 24. Rxc6 Kg7 25. Bf4 Bxf4 26. Rxf4 Rhf8
27. Rd6 Rxf7 28. Rxf7+ Kxf7 29. Kg1 a5 30. Rxd4 a4 31. c5 Rb8 32. Rxa4 Rxb2 33.
Rc4 Rb8 34. Kf2 Rc8 35. c6 Rc7 36. Ke3 g5 37. Kd4 Ke6 38. Kc5 Ke7 39. Kb6 Kd8
40. Rd4+ 1-0

[Event "Madrid-ch Veteranos 2016/2017"]
[Site "Madrid ESP"]
[Date "2017.01.12"]
[Round "4.9"]
[White "Lopez Orellana, Federico"]
[Black "Serrano Baylin, Francisco"]
[Result "1/2-1/2"]
[WhiteElo "1756"]
[BlackElo "1962"]
[PlyCount "64"]
[EventDate "2017.01.09"]
[EventType "swiss"]
[EventRounds "9"]
[EventCountry "ESP"]
[SourceTitle "Ajedrez en Madrid"]
[Source "lmi"]
[SourceDate "2017.01.09"]

1. d4 Nf6 2. e3 g6 3. Nf3 Bg7 4. b3 d6 5. Bb2 O-O 6. Be2 Bg4 7. O-O Nbd7 8.
Nbd2 c5 9. c4 a5 10. h3 Bxf3 11. Nxf3 Qb6 12. Qc2 Rfc8 13. d5 a4 14. Bc3 axb3
15. axb3 Ra6 16. Rxa6 bxa6 17. Rb1 Rb8 18. Bd3 Ne8 19. Bxg7 Nxg7 20. Qc3 Ne8
21. e4 f6 22. g4 Ne5 23. Nxe5 fxe5 24. f4 exf4 25. Qd2 Qb4 26. Qxf4 Qc3 27. Rf1
Nf6 28. g5 Qxd3 29. gxf6 Qd4+ 30. Kg2 exf6 31. Qxf6 Qxe4+ 32. Rf3 Re8 1/2-1/2

[Event "Madrid-ch Veteranos 2016/2017"]
[Site "Madrid ESP"]
[Date "2017.01.12"]
[Round "4.10"]
[White "Lopez Peral, Enrique"]
[Black "Campos Calvo-Sotelo, Juan"]
[Result "0-1"]
[WhiteElo "1764"]
[BlackElo "1896"]
[PlyCount "126"]
[EventDate "2017.01.09"]
[EventType "swiss"]
[EventRounds "9"]
[EventCountry "ESP"]
[SourceTitle "Ajedrez en Madrid"]
[Source "lmi"]
[SourceDate "2017.01.09"]

1. c4 e6 2. Nf3 a6 3. b3 c5 4. Bb2 Nc6 5. d4 cxd4 6. Nxd4 Bb4+ 7. Nd2 Nf6 8. a3
Be7 9. Nxc6 bxc6 10. g3 Bb7 11. Bg2 d5 12. e3 O-O 13. O-O Nd7 14. e4 Bf6 15.
Bxf6 Nxf6 16. cxd5 cxd5 17. exd5 Bxd5 18. Bxd5 Nxd5 19. Nc4 Qf6 20. Rc1 Rfd8
21. Qc2 Rac8 22. Qb2 Qxb2 23. Nxb2 Nc3 24. Kg2 g6 25. Nd1 Nb5 26. Rxc8 Rxc8 27.
Ne3 Rc3 28. a4 Nd4 29. b4 Rb3 30. b5 axb5 31. axb5 Rxb5 32. Ra1 Kg7 33. Ra7 Rc5
34. Rd7 Nc2 35. Nxc2 Rxc2 36. h4 h5 37. Rd3 e5 38. Re3 Kf6 39. Kf1 Ke6 40. Ra3
f6 41. Kg2 Rd2 42. Kf3 f5 43. Ke3 Rd6 44. f3 Kf6 45. Rb3 g5 46. hxg5+ Kxg5 47.
Rb4 Ra6 48. f4+ exf4+ 49. Rxf4 Ra3+ 50. Kf2 Ra2+ 51. Kf3 Ra1 52. Kg2 Re1 53.
Kh3 Re4 54. Rf3 h4 55. gxh4+ Rxh4+ 56. Kg3 f4+ 57. Kf2 Kg4 58. Ra3 Rh2+ 59. Kg1
Re2 60. Kf1 Rb2 61. Ra1 Kg3 62. Ra3+ f3 63. Ra1 Rh2 0-1

[Event "Madrid-ch Veteranos 2016/2017"]
[Site "Madrid ESP"]
[Date "2017.01.12"]
[Round "4.11"]
[White "Pashov, Spas Nikolov"]
[Black "Bellagamba, Pascal"]
[Result "0-1"]
[WhiteElo "1870"]
[BlackElo "1656"]
[PlyCount "56"]
[EventDate "2017.01.09"]
[EventType "swiss"]
[EventRounds "9"]
[EventCountry "ESP"]
[SourceTitle "Ajedrez en Madrid"]
[Source "lmi"]
[SourceDate "2017.01.09"]

1. e4 g6 2. d4 Bg7 3. Nc3 d6 4. Nf3 c6 5. Be2 Nd7 6. O-O Qc7 7. Bf4 Ngf6 8. Qd2
O-O 9. Bh6 e5 10. Bxg7 Kxg7 11. Rfe1 a6 12. Rad1 b5 13. a3 a5 14. b4 Ba6 15. d5
c5 16. Bxb5 cxb4 17. Bxa6 bxc3 18. Qe2 Nxe4 19. Qc4 Qxc4 20. Bxc4 Ndc5 21. a4
f5 22. Bb5 Rac8 23. Rb1 Rb8 24. Red1 h6 25. Bc6 Rb2 26. Rxb2 cxb2 27. Rb1 Rb8
28. Bb5 Nxa4 0-1

[Event "Madrid-ch Veteranos 2016/2017"]
[Site "Madrid ESP"]
[Date "2017.01.12"]
[Round "4.13"]
[White "Martinez De La Puente, Ignacio"]
[Black "Minguela Munoz, Bienvenido"]
[Result "0-1"]
[WhiteElo "1706"]
[BlackElo "1786"]
[PlyCount "114"]
[EventDate "2017.01.09"]
[EventType "swiss"]
[EventRounds "9"]
[EventCountry "ESP"]
[SourceTitle "Ajedrez en Madrid"]
[Source "lmi"]
[SourceDate "2017.01.09"]

1. e4 c5 2. Nc3 Nc6 3. a3 Nf6 4. Bc4 e6 5. d3 d5 6. exd5 exd5 7. Ba2 Be7 8. Bf4
O-O 9. Nf3 Bg4 10. h3 Bh5 11. Ne2 Bxf3 12. gxf3 Nh5 13. O-O Nd4 14. Bg3 Nxf3+
15. Kg2 Ng5 16. Nc3 Nxg3 17. fxg3 Qd7 18. Qh5 g6 19. Qh6 c4 20. Rf4 b5 21. Re1
Ne6 22. Rg4 Bf6 23. Qd2 h5 24. Rh4 Bxh4 25. gxh4 Ng7 26. dxc4 Nf5 27. Qxd5
Nxh4+ 28. Kg3 Nf5+ 29. Kh2 Qxd5 30. cxd5 Nd4 31. Rf1 Rad8 32. Rf2 Kg7 33. Ne4
f5 34. Ng5 Rfe8 35. c3 Ne2 36. Ne6+ Rxe6 37. dxe6 Nc1 38. e7 Re8 39. Bd5 Rxe7
40. c4 Nd3 41. Rc2 Re5 42. Rd2 Nf4 43. Kg3 g5 44. h4 Nxd5 45. cxd5 f4+ 46. Kf3
Re3+ 47. Kf2 g4 48. d6 Re8 49. Rd5 Rd8 50. Rxh5 Rxd6 51. Rg5+ Rg6 52. Rxb5 g3+
53. Kg1 f3 54. Rb7+ Kh6 55. Rxa7 f2+ 56. Kg2 Rf6 57. Kxg3 f1=Q 0-1

[Event "Madrid-ch Veteranos 2016/2017"]
[Site "Madrid ESP"]
[Date "2017.01.12"]
[Round "4.15"]
[White "Garcia Martin, Esteban"]
[Black "Sanchez Garcia, Aurelio"]
[Result "1/2-1/2"]
[WhiteElo "1855"]
[BlackElo "2131"]
[PlyCount "64"]
[EventDate "2017.01.09"]
[EventType "swiss"]
[EventRounds "9"]
[EventCountry "ESP"]
[SourceTitle "Ajedrez en Madrid"]
[Source "lmi"]
[SourceDate "2017.01.09"]

1. c4 e5 2. Nc3 Nf6 3. g3 Nc6 4. Bg2 a6 5. d3 h6 6. a3 Bc5 7. e3 d6 8. Nge2 Ba7
9. O-O O-O 10. b4 Ne7 11. Bb2 c6 12. d4 exd4 13. Nxd4 d5 14. cxd5 Nexd5 15. h3
Re8 16. Qd2 Qe7 17. Rad1 Bd7 18. e4 Nb6 19. Qe2 Rad8 20. Kh2 Be6 21. Nxe6 Qxe6
22. f4 Qc4 23. Rxd8 Rxd8 24. Rd1 Rd7 25. Qe1 Qb3 26. Rxd7 Nfxd7 27. Qd2 Nf8 28.
Bf1 Nc4 29. Bxc4 Qxc4 30. Qe2 Qd4 31. Qg2 Qd3 32. Qe2 Qd4 1/2-1/2

[Event "Madrid-ch Veteranos 2016/2017"]
[Site "Madrid ESP"]
[Date "2017.01.12"]
[Round "4.16"]
[White "Martin Rodriguez, Emilio"]
[Black "Osuna Osuna, Francisco"]
[Result "1-0"]
[WhiteElo "2056"]
[BlackElo "1488"]
[PlyCount "105"]
[EventDate "2017.01.09"]
[EventType "swiss"]
[EventRounds "9"]
[EventCountry "ESP"]
[SourceTitle "Ajedrez en Madrid"]
[Source "lmi"]
[SourceDate "2017.01.09"]

1. d4 f5 2. c4 Nf6 3. Nc3 e6 4. Nf3 c6 5. g3 d5 6. Bg2 Bd6 7. Ne5 Nbd7 8. Bf4
Bc7 9. cxd5 Nxd5 10. Nxd5 exd5 11. O-O Nxe5 12. Bxe5 O-O 13. f4 g6 14. Rc1 Bxe5
15. fxe5 Qc7 16. Bxd5+ Kg7 17. Bg2 Qf7 18. b3 Be6 19. Qd2 Qd7 20. e3 Bd5 21.
Bxd5 Qxd5 22. Rc5 Qe6 23. Rfc1 Rac8 24. Qc3 Rfd8 25. Qc4 Qxc4 26. R1xc4 Ra8 27.
b4 a6 28. Kf2 g5 29. Kf3 Kg6 30. Rc2 Rd7 31. Rd2 Rad8 32. g4 fxg4+ 33. Kxg4 Rd5
34. Kf3 Rxc5 35. bxc5 Kf5 36. e4+ Ke6 37. Ke3 h6 38. Rf2 Ke7 39. Rf6 Rf8 40.
Rxf8 Kxf8 41. h4 gxh4 42. Kf4 h3 43. Kg3 h2 44. Kxh2 Ke7 45. Kh3 Kd7 46. Kg4
Kc7 47. e6 Kd8 48. d5 cxd5 49. exd5 Ke7 50. Kf5 h5 51. d6+ Ke8 52. e7 h4 53.
Ke6 1-0

[Event "Madrid-ch Veteranos 2016/2017"]
[Site "Madrid ESP"]
[Date "2017.01.12"]
[Round "4.17"]
[White "Esteban Amo, Jose M"]
[Black "Quintero Torres, Pedro"]
[Result "0-1"]
[WhiteElo "1850"]
[BlackElo "1942"]
[PlyCount "58"]
[EventDate "2017.01.09"]
[EventType "swiss"]
[EventRounds "9"]
[EventCountry "ESP"]
[SourceTitle "Ajedrez en Madrid"]
[Source "lmi"]
[SourceDate "2017.01.09"]

1. e4 c5 2. Nc3 Nc6 3. f4 e6 4. Nf3 d5 5. Bb5 Nge7 6. exd5 Nxd5 7. Ne5 Bd7 8.
Bxc6 Bxc6 9. Nxc6 bxc6 10. Qf3 Be7 11. O-O O-O 12. Nxd5 cxd5 13. d3 Bf6 14. c3
Rb8 15. Rf2 Qa5 16. Rd2 Qa4 17. Qe2 Rfe8 18. a3 e5 19. Qf2 e4 20. dxe4 Qxe4 21.
Kf1 Bh4 22. Re2 Bxf2 23. Rxe4 Rxe4 24. Kxf2 Rbe8 25. b4 Re2+ 26. Kf3 Rc2 27.
bxc5 Rxc3+ 28. Kg4 Re1 29. Rb1 h5+ 0-1

[Event "Madrid-ch Veteranos 2016/2017"]
[Site "Madrid ESP"]
[Date "2017.01.12"]
[Round "4.19"]
[White "Hernandez Gutierrez, Jose"]
[Black "Fernandez Garcia, Ignacio"]
[Result "0-1"]
[WhiteElo "1816"]
[BlackElo "1833"]
[PlyCount "262"]
[EventDate "2017.01.09"]
[EventType "swiss"]
[EventRounds "9"]
[EventCountry "ESP"]
[SourceTitle "Ajedrez en Madrid"]
[Source "lmi"]
[SourceDate "2017.01.09"]

1. d4 d5 2. c4 c6 3. Nf3 Bf5 4. e3 Nf6 5. Nc3 e6 6. Nh4 Bg6 7. Qb3 b6 8. Nxg6
hxg6 9. Bd3 Nbd7 10. Bd2 a5 11. Rc1 Bd6 12. h3 Rc8 13. e4 dxe4 14. Nxe4 Nxe4
15. Bxe4 Qh4 16. Qf3 c5 17. Be3 cxd4 18. Bxd4 f5 19. Bb7 Rc7 20. Bxb6 Bb4+ 21.
Ke2 Nxb6 22. Rhd1 O-O 23. b3 Qe7 24. Bc6 Qc5 25. Bb5 Qe5+ 26. Kf1 Nc8 27. Rc2
Nd6 28. Re2 Ne4 29. g3 Qf6 30. Rd3 Re7 31. Kg2 Nc3 32. Rc2 Ne4 33. Bc6 Ng5 34.
Qe3 Nf7 35. c5 g5 36. Qc1 Rc7 37. Ba4 Rfc8 38. Bd7 Rd8 39. c6 Ne5 40. Bxe6+ Kf8
41. Rxd8+ Qxd8 42. a3 Be7 43. Rd2 Qa8 44. Bxf5 Qxc6+ 45. Qxc6 Rxc6 46. Rd5 Rc5
47. Rxc5 Bxc5 48. b4 axb4 49. axb4 Bxb4 50. f4 gxf4 51. gxf4 Nf7 52. Bg6 Nh6
53. Kf3 Ke7 54. Ke4 Kf6 55. Be8 Be1 56. Bd7 Nf7 57. Kf3 Nh6 58. Ke4 Bh4 59. Bc8
Ke7 60. Kd5 Bf6 61. Be6 Nf7 62. Bc8 Nd6 63. Bg4 Nb5 64. Ke4 Nc3+ 65. Kf5 Nd5
66. Bf3 Ne3+ 67. Ke4 Nc2 68. Bg4 Kf7 69. Bh5+ Ke7 70. Bg4 Bh4 71. Bd1 Nb4 72.
Bb3 Kf6 73. Bc4 Nc6 74. Bb5 Nd8 75. Bd7 Ne6 76. Be8 Bg3 77. f5 Ng5+ 78. Ke3
Kxf5 79. Bd7+ Ke5 80. Bg4 Bh4 81. Bc8 Ne6 82. Kf3 g5 83. Kg4 Nd4 84. Bd7 Ke4
85. Bc8 Ke3 86. Bb7 Kf2 87. Bd5 Ne2 88. Bc6 Nf4 89. Bb7 Kg1 90. Ba6 Kg2 91.
Bb7+ Kh2 92. Be4 Nxh3 93. Bf5 Nf4 94. Kf3 Nd5 95. Be6 Nf6 96. Bc8 Kg1 97. Bh3
Be1 98. Ke2 Bb4 99. Kf3 Bd6 100. Bf5 Kf1 101. Bh3+ Ke1 102. Bf5 Kd2 103. Bc8
Kd3 104. Bf5+ Kd4 105. Bc8 Bf4 106. Be6 Ke5 107. Bc8 Kd5 108. Bf5 Kd6 109. Bh3
Ke7 110. Bc8 Nd7 111. Kg4 Kd6 112. Kf5 Bc1 113. Ba6 Kc5 114. Be2 Nb6 115. Bf3
Kd4 116. Bd1 Bf4 117. Bh5 Nc4 118. Kg4 Ne5+ 119. Kf5 Ke3 120. Bd1 Nf3 121. Kg4
Nh2+ 122. Kh3 Kf2 123. Bh5 Nf1 124. Bd1 Ke1 125. Bh5 Ne3 126. Bf3 Kf2 127. Bh5
Bd6 128. Bf3 Be7 129. Bh5 Bf6 130. Kh2 g4 131. Kh1 g3 0-1

[Event "Madrid-ch Veteranos 2016/2017"]
[Site "Madrid ESP"]
[Date "2017.01.12"]
[Round "4.20"]
[White "Salgado Duarte, Pablo"]
[Black "Martin-Consuegra Barrilero, Francisco Javier"]
[Result "1-0"]
[WhiteElo "1574"]
[BlackElo "1855"]
[PlyCount "121"]
[EventDate "2017.01.09"]
[EventType "swiss"]
[EventRounds "9"]
[EventCountry "ESP"]
[SourceTitle "Ajedrez en Madrid"]
[Source "lmi"]
[SourceDate "2017.01.09"]

1. d4 d6 2. Nf3 c6 3. e4 Nf6 4. Nc3 Nbd7 5. Bd3 e5 6. O-O Be7 7. h3 O-O 8. Re1
Re8 9. dxe5 dxe5 10. Bc4 h6 11. a3 Qc7 12. Be3 Nf8 13. Qe2 b5 14. Bb3 Be6 15.
Ba2 a5 16. Bxe6 Nxe6 17. Nd2 Nd4 18. Qd1 Red8 19. Bxd4 exd4 20. Ne2 c5 21. Ng3
Bd6 22. Nf5 a4 23. Nxd6 Rxd6 24. e5 Re6 25. exf6 Rxf6 26. Ne4 Rg6 27. Qf3 Rf8
28. Qf5 Rc8 29. Rad1 Qc6 30. Ng3 Rf6 31. Qe4 Qb6 32. Qg4 Rd8 33. Re5 Rg6 34.
Qe4 Re6 35. Nf5 Rde8 36. Rxe6 Rxe6 37. Qg4 g5 38. Qf3 Qc7 39. Qa8+ Kh7 40. Qf8
Qe5 41. Qxf7+ Kh8 42. Ng3 Rf6 43. Qh5 Re6 44. Qf3 c4 45. Nf1 Rf6 46. Qg4 Rf4
47. Qg3 Kg7 48. Nd2 Qe2 49. Rf1 Qxd2 50. f3 Qxc2 51. Qe1 Qf5 52. Qe7+ Qf7 53.
Qe5+ Kg8 54. Re1 d3 55. Qb8+ Kg7 56. Qe5+ Kg6 57. Qxb5 d2 58. Rd1 Qe6 59. Qxa4
Qe1+ 60. Kh2 Qe5 61. Qc2+ 1-0

[Event "Madrid-ch Veteranos 2016/2017"]
[Site "Madrid ESP"]
[Date "2017.01.12"]
[Round "4.21"]
[White "Hernandez Garcia, Carlos"]
[Black "Martinez Miura, Enrique"]
[Result "0-1"]
[WhiteElo "1735"]
[BlackElo "1640"]
[PlyCount "92"]
[EventDate "2017.01.09"]
[EventType "swiss"]
[EventRounds "9"]
[EventCountry "ESP"]
[SourceTitle "Ajedrez en Madrid"]
[Source "lmi"]
[SourceDate "2017.01.09"]

1. e4 e6 2. d4 d5 3. exd5 exd5 4. Nf3 Bd6 5. c4 c6 6. Nc3 Ne7 7. Bg5 f6 8. Be3
O-O 9. Qb3 Kh8 10. cxd5 cxd5 11. Be2 b6 12. O-O Be6 13. Nb5 Nbc6 14. Nxd6 Qxd6
15. Rac1 Nf5 16. Bb5 Na5 17. Qd3 Nxe3 18. Qxe3 Nc4 19. Qe2 a6 20. Ba4 b5 21.
Bd1 Rfe8 22. b3 Bf5 23. Ne5 fxe5 24. bxc4 dxc4 25. dxe5 Rxe5 26. Qf3 Be4 27.
Qh3 Bd3 28. Bc2 Rae8 29. Bxd3 cxd3 30. Rcd1 d2 31. Qc3 Rd5 32. h3 h6 33. g3 b4
34. Qc2 Rd3 35. Kg2 Qd5+ 36. Kg1 Rd8 37. Qb2 a5 38. Kh2 Qd4 39. Qc2 Qc3 40. Qb1
b3 41. Qxb3 Qxb3 42. axb3 Rxb3 43. f4 a4 44. Ra1 a3 45. Rfd1 Rdd3 46. Ra2 Rb2
0-1

[Event "Madrid-ch Veteranos 2016/2017"]
[Site "Madrid ESP"]
[Date "2017.01.12"]
[Round "4.22"]
[White "Camarero Izquierdo, Juan Carlos"]
[Black "Benitez Cadenas, Luis Miguel"]
[Result "1-0"]
[WhiteElo "1732"]
[BlackElo "1595"]
[PlyCount "37"]
[EventDate "2017.01.09"]
[EventType "swiss"]
[EventRounds "9"]
[EventCountry "ESP"]
[SourceTitle "Ajedrez en Madrid"]
[Source "lmi"]
[SourceDate "2017.01.09"]

1. d4 d5 2. Nc3 e6 3. e4 dxe4 4. Nxe4 Bd7 5. Nf3 Bc6 6. Bd3 Nd7 7. Bg5 Ngf6 8.
Qe2 Be7 9. Bxf6 Nxf6 10. Nxf6+ Bxf6 11. c3 Bxf3 12. Qxf3 c6 13. O-O O-O 14.
Rfe1 Re8 15. Re3 e5 16. Rae1 Qd6 17. Qg3 Red8 18. dxe5 Bxe5 19. Qxe5 1-0

[Event "Madrid-ch Veteranos 2016/2017"]
[Site "Madrid ESP"]
[Date "2017.01.12"]
[Round "4.23"]
[White "Beekhof Harmsen, Willen"]
[Black "Martinez Martinez, Javier Ii"]
[Result "1-0"]
[WhiteElo "1555"]
[BlackElo "1711"]
[PlyCount "53"]
[EventDate "2017.01.09"]
[EventType "swiss"]
[EventRounds "9"]
[EventCountry "ESP"]
[SourceTitle "Ajedrez en Madrid"]
[Source "lmi"]
[SourceDate "2017.01.09"]

1. Nf3 Nf6 2. b3 e6 3. g3 Be7 4. Bg2 O-O 5. O-O c6 6. Bb2 d5 7. d3 Nbd7 8. Nbd2
Rb8 9. Re1 Qb6 10. e4 dxe4 11. dxe4 Rd8 12. Qe2 Qa6 13. Qxa6 bxa6 14. e5 Nd5
15. Nd4 Bb7 16. a3 c5 17. c4 cxd4 18. cxd5 Bxd5 19. Bxd5 exd5 20. e6 fxe6 21.
Rxe6 Kf7 22. Rxa6 Nc5 23. Rxa7 Nxb3 24. Nxb3 Rxb3 25. Bxd4 g6 26. Bc5 Re8 27.
Re1 1-0

[Event "Madrid-ch Veteranos 2016/2017"]
[Site "Madrid ESP"]
[Date "2017.01.12"]
[Round "4.24"]
[White "Suarez Mencia, Roberto"]
[Black "Calderon Martin, Antonio"]
[Result "0-1"]
[WhiteElo "1433"]
[BlackElo "1699"]
[PlyCount "78"]
[EventDate "2017.01.09"]
[EventType "swiss"]
[EventRounds "9"]
[EventCountry "ESP"]
[SourceTitle "Ajedrez en Madrid"]
[Source "lmi"]
[SourceDate "2017.01.09"]

1. c4 f5 2. e3 Nf6 3. g3 g6 4. Bg2 Bg7 5. Ne2 e5 6. Nbc3 O-O 7. d4 e4 8. O-O d5
9. cxd5 Nxd5 10. Qb3 c6 11. Nxd5 Qxd5 12. Qxd5+ cxd5 13. Nc3 Be6 14. Nb5 Na6
15. Bd2 Bd7 16. Nc3 Nc7 17. Rfc1 Bc6 18. a4 a6 19. Bf1 Ne6 20. b4 Rfd8 21. b5
Be8 22. Rcb1 Bh6 23. bxa6 bxa6 24. Rb6 Nxd4 25. Kg2 a5 26. Bc1 Nc2 27. Rab1 Nb4
28. Ba3 Bf8 29. Ne2 Bxa4 30. Nd4 Bc5 31. Re6 Kf7 32. Be2 Bxd4 33. Rxg6 hxg6 34.
exd4 Rab8 35. Rh1 Nc2 36. Bc5 Bb5 37. Bd1 Bd3 38. h4 e3 39. Bxc2 Bxc2 0-1

[Event "Madrid-ch Veteranos 2016/2017"]
[Site "Madrid ESP"]
[Date "2017.01.12"]
[Round "4.25"]
[White "Rodriguez Bachiller, Luis"]
[Black "Perez Ramos, Miguel Angel"]
[Result "1-0"]
[WhiteElo "1657"]
[BlackElo "1188"]
[PlyCount "87"]
[EventDate "2017.01.09"]
[EventType "swiss"]
[EventRounds "9"]
[EventCountry "ESP"]
[SourceTitle "Ajedrez en Madrid"]
[Source "lmi"]
[SourceDate "2017.01.09"]

1. e4 c5 2. Nf3 f6 3. Bc4 e5 4. Nc3 Ne7 5. d3 Nbc6 6. a3 a6 7. Nh4 b5 8. Bd5 g6
9. O-O Qc7 10. f4 d6 11. f5 Bd7 12. fxg6 Bg7 13. Nf5 Nxf5 14. Bf7+ Kf8 15. exf5
Nd4 16. Nd5 Qb7 17. Ne3 Be8 18. Bd5 Bc6 19. Bxc6 Qxc6 20. c3 Nxf5 21. Nxf5 Qd7
22. Nxg7 Qxg7 23. Qf3 Re8 24. Qxf6+ Kg8 25. gxh7+ Rxh7 26. Qxg7+ Kxg7 27. Be3
Re6 28. Rf3 Kg6 29. Raf1 Rh5 30. Rg3+ Kh7 31. Rf7+ Kh8 32. Rfg7 Re8 33. Ra7 Rf8
34. Rxa6 Rhf5 35. h3 Rf1+ 36. Kh2 Rg8 37. Rxg8+ Kxg8 38. Rxd6 Re1 39. Bxc5 Rd1
40. Re6 Rxd3 41. Rxe5 Rd2 42. Bb4 Rxb2 43. Rxb5 Ra2 44. Rb7 1-0